Selected stories / (Record no. 252995)

MARC details
000 -LEADER
fixed length control field 01011nam a2200313 a 4500
001 - CONTROL NUMBER
control field vtls000294348
003 - CONTROL NUMBER IDENTIFIER
control field NLI
005 - DATE AND TIME OF LATEST TRANSACTION
control field 20210602131804.0
008 - FIXED-LENGTH DATA ELEMENTS--GENERAL INFORMATION
fixed length control field 101203s1975 enkc 000 j eng
020 ## - INTERNATIONAL STANDARD BOOK NUMBER
International Standard Book Number 0236310771
039 #9 - LEVEL OF BIBLIOGRAPHIC CONTROL AND CODING DETAIL [OBSOLETE]
-- 201012031944
-- VLOAD
040 0# - CATALOGING SOURCE
Original cataloging agency NLI
Language of cataloging eng
Transcribing agency VERGIS-2010
Description conventions AACR2
041 1# - LANGUAGE CODE
Language code of text/sound track or separate title eng
Language code of original yid
044 ## - COUNTRY OF PUBLISHING/PRODUCING ENTITY CODE
MARC country code enk
082 04 - DEWEY DECIMAL CLASSIFICATION NUMBER
Classification number 892.493
100 1# - MAIN ENTRY--PERSONAL NAME
Personal name Peretz, I. L.
Fuller form of name (Isaac Leib),
Dates associated with a name 1851-1915
9 (RLIN) 455420
245 10 - TITLE STATEMENT
Title Selected stories /
Statement of responsibility, etc. I. L. Peretz
260 ## - PUBLICATION, DISTRIBUTION, ETC.
Place of publication, distribution, etc. London :
Name of publisher, distributor, etc. Elek,
Date of publication, distribution, etc. 1975
300 ## - PHYSICAL DESCRIPTION
Extent 159 p. :
Other physical details port. ;
Dimensions 23 cm.
600 10 - SUBJECT ADDED ENTRY--PERSONAL NAME
Personal name Peretz, Isaac Leib,
Dates associated with a name 1851-1915
9 (RLIN) 455421
650 #0 - SUBJECT ADDED ENTRY--TOPICAL TERM
Topical term or geographic name entry element Jews in literature
9 (RLIN) 105556
650 #0 - SUBJECT ADDED ENTRY--TOPICAL TERM
Topical term or geographic name entry element Short stories, Yiddish
General subdivision Translations into English
9 (RLIN) 374078
887 ## - NON-MARC INFORMATION FIELD
Content of non-MARC field
901 ## - LOCAL DATA ELEMENT A, LDA (RLIN)
a 419729
b 23.08.1975
902 ## - LOCAL DATA ELEMENT B, LDB (RLIN)
a E 892.493 P 415 s
949 ## - LOCAL PROCESSING INFORMATION (OCLC)
-- VIRTUAITEM
-- 10000
-- 100
6 PUR000419729ENG
942 ## - ADDED ENTRY ELEMENTS (KOHA)
Source of classification or shelving scheme Dewey Decimal Classification
Koha item type Books
Holdings
Withdrawn status Lost status Damaged status Not for loan Collection code Home library Current library Shelving location Date acquired Total Checkouts Full call number Barcode Date last seen Price effective from Koha item type
        New English National Library of India National Library of India New English - Main Stack Division     E 892.493 P 415 s PUR000419729ENG 02/06/2021 02/06/2021 Books
                                                                           
web counter

Copyright ©2020 The National Library of India, Govt. of India ↔ Hosted by NVLI, MOC ↔ Technology and Design by National Library of India, Ministry of Culture, Govt. of India